Maximilien empereur du Mexique 1832-1867 (Record no. 3622)

MARC details
000 -CABECERA
campo de control de longitud fija 00795nam a2200253 a 4500
001 - NÚMERO DE CONTROL
campo de control BRCA_3894
005 - FECHA Y HORA DE LA ÚLTIMA TRANSACCIÓN
campo de control 20190320204450.0
008 - DATOS DE LONGITUD FIJA--INFORMACIÓN GENERAL
campo de control de longitud fija 050110s1935----fr-a######---#000-0#fre-#
041 ## - CÓDIGO DE LENGUA
Código de lengua del texto/banda sonora o título independiente fre
044 ## - CÓDIGO DEL PAÍS DE LA ENTIDAD EDITORA/PRODUCTORA
Código MARC del país fr
050 #4 - SIGNATURA TOPOGRÁFICA DE LA BIBLIOTECA DEL CONGRESO
Número de clasificación F1233.M3
Número de documento/Ítem .H37 1935
100 1# - ENTRADA PRINCIPAL--NOMBRE DE PERSONA
Nombre de persona Harding, Bertita
9 (RLIN) 10128
245 10 - MENCIÓN DE TÍTULO
Título Maximilien empereur du Mexique 1832-1867
Mención de responsabilidad, etc. by Bertita Harding ; traduction francaise de Maurice Soulié.
260 ## - PUBLICACIÓN, DISTRIBUCIÓN, ETC.
Lugar de publicación, distribución, etc. Paris
Nombre del editor, distribuidor, etc. Payot
Fecha de publicación, distribución, etc. 1935
300 ## - DESCRIPCIÓN FÍSICA
Extensión 354 p.
Otras características físicas il.
Dimensiones 23 cm.
500 ## - NOTA GENERAL
Nota general Incluye tabla de materias
500 ## - NOTA GENERAL
Nota general C105
504 ## - NOTA DE BIBLIOGRAFÍA, ETC.
Nota de bibliografía, etc. Bibligrafía : p. 352-354
600 14 - PUNTO DE ACCESO ADICIONAL DE MATERIA--NOMBRE DE PERSONA
Nombre de persona Maximiliano.
Títulos y otros términos asociados al nombre Emperador de México
Fechas asociadas al nombre 1832-1867
9 (RLIN) 4582
651 #4 - PUNTO DE ACCESO ADICIONAL DE MATERIA--NOMBRE GEOGRÁFICO
Nombre geográfico México
Subdivisión general Historia
Subdivisión cronológica Intervención francesa, 1861-1867
9 (RLIN) 10129
700 1# - PUNTO DE ACCESO ADICIONAL--NOMBRE DE PERSONA
Nombre de persona Soulié, Maurice
9 (RLIN) 10130
902 ## - CATALOGADOR
Iniciales GFM
942 ## - ELEMENTOS DE PUNTO DE ACCESO ADICIONAL (KOHA)
Fuente del sistema de clasificación o colocación Library of Congress Classification
Tipo de ítem Koha Libros
Holdings
Estado de retiro Estado de pérdida Estado dañado No para préstamo Localización permanente Ubicación/localización actual Fecha de adquisición Número de inventario Total de préstamos Signatura topográfica completa Código de barras Fecha visto por última vez Precio válido a partir de Tipo de ítem Koha
El ejemplar forma parte de la colección y puede ser consultado según las políticas vigentes.       Biblioteca del Museo Franz Mayer (Rogerio Casas-Alatriste) Biblioteca del Museo Franz Mayer (Rogerio Casas-Alatriste) 05/01/2010 C105   F1233.M3 .H37 1935 (C105) 3891 22/03/2019 22/03/2019 Libros